| 000 | 00640cam a2200217 i 4500 | ||
|---|---|---|---|
| 001 | sa 68008199 | ||
| 003 | DLC | ||
| 005 | 20260227112530.0 | ||
| 008 | 851001s1967 ii 000 0 tamo | ||
| 010 | _asa 68008199 | ||
| 040 |
_aDLC _cDLC _dDLC |
||
| 050 | 0 | 0 |
_aPL4758.05 _b.D6 |
| 100 | 2 |
_aDorai Rangaswamy, M. A., _d1908- |
|
| 245 | 1 | 0 |
_aKantan̲ in̲iyan̲ / _cMo. A. Turai Araṅkacāmi. |
| 250 | _a1. patippu. | ||
| 260 |
_aMaturai : _bMīn̲āṭci Puttaka Nilaiyam, _c[1967] |
||
| 300 |
_a719 (i.e.197) p. ; _c18 cm. |
||
| 490 | 0 |
_aMīn̲āṭci ; _v80 |
|
| 500 | _aIn Tamil. | ||
| 650 | 0 |
_aTamil literature _xHistory and criticism. |
|
| 999 |
_c82301 _d82301 |
||